| 000 | 01241nam a22003257a 4500 | ||
|---|---|---|---|
| 003 | OSt | ||
| 005 | 20230223062022.0 | ||
| 008 | 230223b |||||||| |||| 00| 0 eng d | ||
| 020 | _a9780273743811 (pbk.) | ||
| 040 |
_aDLC _cKMU _dDLC |
||
| 042 | _apcc | ||
| 050 | 0 | 0 |
_aPN4500 _b.M46 2011 |
| 100 | 1 | _aMcMillan, Kathleen. | |
| 245 | 1 | 0 |
_aHow to write essays & assignments / _cKathleen McMillan & Jonathan Weyers. |
| 246 | 3 | 0 | _aHow to write essays and assignments |
| 250 | _a2nd ed. | ||
| 260 |
_aHarlow, England ; _aNew York : _bPearson, _c2011. |
||
| 300 |
_axi, 252 p. : _bcol. ill. ; _c22 cm. |
||
| 504 | _aIncludes bibliographical references (p. 246). | ||
| 650 | 0 |
_aCriticism _xAuthorship _vHandbooks, manuals, etc. |
|
| 650 | 0 |
_aLiterature _xHistory and criticism _xTheory, etc. _vHandbooks, manuals, etc. |
|
| 650 | 0 |
_aEnglish language _xRhetoric _vHandbooks, manuals, etc. |
|
| 650 | 0 |
_aEssay _xAuthorship _vHandbooks, manuals, etc. |
|
| 650 | 0 |
_aAcademic writing _vHandbooks, manuals, etc. |
|
| 650 | 0 | _aTest-taking skills. | |
| 700 | 1 | _aWeyers, Jonathan D. B. | |
| 906 |
_a7 _bcbc _corignew _d1 _eecip _f20 _gy-gencatlg |
||
| 942 |
_2lcc _cBK _n0 |
||
| 999 |
_c192 _d192 |
||